[Event "II Aberto Prof Joao Braga"]
[Site "Clube de Xadrez Sao Paulo"]
[Date "2014.12.14"]
[Round "6.29"]
[White "Nunes, Marcela Andreia Dias"]
[Black "Federzoni, Enzo"]
[Result "1/2-1/2"]
[WhiteElo "1483"]
[BlackElo "1614"]
[PlyCount "123"]
[EventDate "2014.12.12"]

1. d4 Nf6 2. c4 g6 3. Nc3 Bg7 4. e4 d6 5. f4 O-O 6. Nf3 c5 7. d5 e6 8. Be2 exd5
9. cxd5 Bg4 10. O-O Nbd7 11. h3 Bxf3 12. Bxf3 Re8 13. g4 h6 14. Qc2 c4 15. a4
Qa5 16. Nb5 Rac8 17. Be3 Bf8 18. Nxa7 Rc7 19. Nb5 Rcc8 20. Bd4 Qd8 21. Rfe1 Nc5
22. e5 Nd3 23. Re3 Nh7 24. Nxd6 Bxd6 25. exd6 Qxd6 26. Rxe8+ Rxe8 27. Qxc4 Nxf4
28. Bc5 Nxh3+ 29. Kh1 Qg3 30. Qf1 N7g5 31. Bg2 Qxg4 32. Bxh3 Nxh3 33. Qg2 Qxg2+
34. Kxg2 Nf4+ 35. Kf3 Nxd5 36. Rd1 Nf6 37. Rd6 Ne4 38. Rd5 Nxc5 39. Rxc5 Re7
40. b4 Kg7 41. b5 Kf6 42. a5 Ke6 43. a6 bxa6 44. Rc6+ Kd5 45. Rxa6 Rb7 46. Rf6
Kc5 47. b6 Rxb6 48. Rxf7 g5 49. Rg7 Rf6+ 50. Kg4 Kd5 51. Re7 Kd6 52. Re1 Re6
53. Rf1 Ke7 54. Kh5 Rf6 55. Re1+ Kf7 56. Ra1 Re6 57. Rf1+ Kg7 58. Ra1 Re4 59.
Ra7+ Kf6 60. Ra6+ Re6 61. Ra4 Kf5 62. Ra8 1/2-1/2

[Event "II Aberto Prof Joao Braga"]
[Site "Clube de Xadrez Sao Paulo"]
[Date "2014.12.14"]
[Round "6.34"]
[White "Lukjanenko Callegari, Lucca"]
[Black "Felippe E Silva, Glenda"]
[Result "1-0"]
[WhiteElo "1248"]
[BlackElo "1325"]
[PlyCount "75"]
[EventDate "2014.12.12"]

1. b3 d5 2. Bb2 Nf6 3. f4 Bf5 4. Nf3 e6 5. e3 Be7 6. c4 c6 7. cxd5 exd5 8. d3
O-O 9. Nd4 Bg6 10. Be2 Re8 11. f5 Bxf5 12. Nxf5 Bc5 13. O-O Bxe3+ 14. Nxe3 Rxe3
15. Bd4 Re6 16. Bxf6 Rxf6 17. Rxf6 Qxf6 18. d4 Nd7 19. Nc3 Re8 20. Bg4 Rd8 21.
Qf3 Qxf3 22. Bxf3 Nf6 23. Re1 Re8 24. Rxe8+ Nxe8 25. Bg4 Nf6 26. Bc8 b6 27. Bb7
c5 28. dxc5 bxc5 29. Bxd5 Nxd5 30. Nxd5 h5 31. Kf2 g5 32. Ke3 Kg7 33. Kd3 f5
34. Kc4 g4 35. Kxc5 Kg6 36. Kd4 Kg5 37. Ke3 h4 38. Kf2 {(Ilegivel)} 1-0